crisis E Insurrección En Argentina 2001 /
El artículo propone un análisis provisorio de la insurrección popular del 2001, que puso fin a la ofensiva del capital en argentina, la cual se centraba en la inserción de la economía al mercado mundial a través de la convertibilidad de la moneda. a su vez explica la naturaleza, dinámica y límites d...
Gorde:
| Egile nagusia: | |
|---|---|
| Formatua: | Texto |
| Gaiak: | |
| Etiketak: |
Etiketa erantsi
Etiketarik gabe, Izan zaitez lehena erregistro honi etiketa jartzen!
|
MARC
| LEADER | 00000 a a2200000 04500 | ||
|---|---|---|---|
| 001 | 1825 | ||
| 003 | |||
| 040 | |||
| 100 | |a Bonnet, Alberto R. | ||
| 245 | |a crisis E Insurrección En Argentina 2001 / |c Alberto R. Bonnet | ||
| 520 | |a El artículo propone un análisis provisorio de la insurrección popular del 2001, que puso fin a la ofensiva del capital en argentina, la cual se centraba en la inserción de la economía al mercado mundial a través de la convertibilidad de la moneda. a su vez explica la naturaleza, dinámica y límites de dicha convertibilidad. | ||
| 590 | |a SJB/AGOSTO2010 | ||
| 650 | |a 1.DEPRESION ECONOMICA | ||
| 650 | |a 2.CRISIS POLITICA | ||
| 650 | |a 3.CONVERTIBILIDAD | ||
| 650 | |a 4.MOVILIZACION SOCIAL | ||
| 650 | |a 5.CONTROL SOCIAL | ||
| 650 | |a 6.ARGENTINA | ||
| 773 | |g volumen 2, N° 5; páginas 109-136 | ||
| 999 | |c 37000 |d 37000 | ||
